Pays où s'est classé le titre Oops... de Britney Spears - Statistiques

Statistiques générales
  • Ce quiz a été pris 40 fois
    39 depuis la dernière actualisation
  • Le résultat moyen est 19 sur 30
Statistiques - réponses
Position dans les charts Pays % Correct
9 États Unis
100%
1 Espagne
96%
4 France
96%
1 Royaume Uni
92%
1 Belgique
88%
67 Japon
88%
2 Allemagne
84%
1 Italie
80%
5 Portugal
80%
4 Grèce
76%
1 Australie
72%
1 Canada
72%
1 Pays Bas
68%
1 Suède
68%
2 Autriche
64%
1 Pologne
64%
1 Danemark
60%
2 Irlande
60%
1 Norvège
60%
1 Roumanie
60%
2 Finlande
56%
1 Hongrie
52%
1 Suisse
52%
2 Islande
44%
1 Nouvelle Zélande
44%
2 Tchéquie
44%
1 Croatie
32%
6 Chili
16%
1 Singapour
16%
1 Guatemala
4%
Aucun quiz correspondant
Distribution des résultats
% des personnes avec chaque résultat
Percentile par nombre de réponses
Votre historique - résultats
Vous n’avez pas pris ce quiz depuis la dernière actualisation